Phân tích các yếu tố ảnh hưởng đến khả năng trả nợ của hộ nghèo vay tại ngân hàng chính sách xã hội chi nhánh tỉnh Sóc Trăng : Luận văn thạc sĩ chuyên ngành: Tài chính - Ngân hàng
Nội dung luận văn giới thiệu cơ sở lý luận và phương pháp nghiên cứu. Thực trạng cho vay và trả nợ vay của hộ nghèo tại ngân hàng chính sách xã hội chi nhánh tỉnh Sóc Trăng. Kết quả nghiên cứu và thảo luận....
Saved in:
| Main Author: | |
|---|---|
| Format: | Book |
| Language: | Undetermined |
| Published: |
Cần Thơ
Trường Đại học Cần Thơ
2018
|
| Subjects: | |
| Tags: |
Add Tag
No Tags, Be the first to tag this record!
|
| Institutions: | Trung tâm Học liệu Trường Đại học Cần Thơ |
|---|
| LEADER | 01206nam a2200217Ia 4500 | ||
|---|---|---|---|
| 001 | CTU_228089 | ||
| 008 | 210402s9999 xx 000 0 und d | ||
| 082 | |a 332.3 | ||
| 082 | |b Tr550 | ||
| 088 | |a 8340201 | ||
| 100 | |a Trương, Công Trứ | ||
| 245 | 0 | |a Phân tích các yếu tố ảnh hưởng đến khả năng trả nợ của hộ nghèo vay tại ngân hàng chính sách xã hội chi nhánh tỉnh Sóc Trăng : | |
| 245 | 0 | |b Luận văn thạc sĩ chuyên ngành: Tài chính - Ngân hàng | |
| 245 | 0 | |c Trương Công Trứ ; Bùi Văn Trịnh (cán bộ hướng dẫn) | |
| 260 | |a Cần Thơ | ||
| 260 | |b Trường Đại học Cần Thơ | ||
| 260 | |c 2018 | ||
| 520 | |a Nội dung luận văn giới thiệu cơ sở lý luận và phương pháp nghiên cứu. Thực trạng cho vay và trả nợ vay của hộ nghèo tại ngân hàng chính sách xã hội chi nhánh tỉnh Sóc Trăng. Kết quả nghiên cứu và thảo luận. | ||
| 650 | |a Vay ngân hàng,Bank loans | ||
| 910 | |b dqhieu | ||
| 980 | |a Trung tâm Học liệu Trường Đại học Cần Thơ | ||